000 00473nam a22001817a 4500
003 NUST - PNEC
005 20170116180908.0
008 150902b xxu||||| |||| 00| 0 eng d
020 _a0139737936
040 _cLIBRARY
082 _a620.11 BUD
100 _96827
_aBudinski, Kenneth G.
245 _aEngineering materials : Properties and selection
_cKenneth G. Budinski
250 _a6th ed.
260 _cc.1999
650 _96834
_aMaterials
_xME
942 _2ddc
_cBK
999 _c65172
_d65172